00421nam a2200097Ia 4500008004100000100002000041245015100061260003800212650001200250856006100262160909s9999 xx 000 0 und d aSaitua Idarraga aSagebrush Laborers: Basque Immigrants in Nevada's Sheep Industry, International Dimensions, and the Making of an Agricultural Workforce, 1880-1954 bUniversity of Nevada, Reno.c2016 aTOURISM uhttp://pqdtopen.proquest.com/doc/1808215608.html?FMT=ABS